Central Library OPAC University of Rajshahi

دروس البلاغة مع شرح اردو سباق الفصاحه ;; durus albalaghat mae sharh ardu sibaq alfasahih / (Record no. 80069)

MARC details
000 -LEADER
fixed length control field 00766nam a2200205 i 4500
001 - CONTROL NUMBER
control field 79213
003 - CONTROL NUMBER IDENTIFIER
rucl marc code BD-RjUL
005 - DATE AND TIME OF LATEST TRANSACTION
control field 20220630144931.0
008 - FIXED-LENGTH DATA ELEMENTS--GENERAL INFORMATION
fixed length control field 220118s1962 ii 000 0 urd d
035 ## - SYSTEM CONTROL NUMBER
System control number (BD-RjUL)79213
040 ## - CATALOGING SOURCE
Original cataloging agency NNL
Description conventions rda
Language of cataloging eng
Transcribing agency BD-RjUL
041 0# - LANGUAGE CODE
Language code of text/sound track or separate title ara/urd
082 ## - DEWEY DECIMAL CLASSIFICATION NUMBER
Edition number 23
Classification number 492.75
Author mark and year NAD 1962
100 1# - MAIN ENTRY--PERSONAL NAME
Personal name ناصف، حفنى ;; Nasef, Hefni,
Dates associated with a name 1856-1919
Relator term مؤلف
9 (RLIN) 797
245 10 - TITLE STATEMENT
Title دروس البلاغة مع شرح اردو سباق الفصاحه ;; durus albalaghat mae sharh ardu sibaq alfasahih /
Statement of responsibility, etc. Syed Muhammed Abdul,ahed Qasimi ;;سيد محمد عبدالاحد قاسمي
264 #1 - PRODUCTION, PUBLICATION, DISTRIBUTION, MANUFACTURE, AND COPYRIGHT NOTICE
Place of production, publication, distribution, manufacture Dhaka :
Name of producer, publisher, distributor, manufacturer Maniser hamidia lib,
Date of production, publication, distribution, manufacture, or copyright notice 1962
300 ## - PHYSICAL DESCRIPTION
Pagination 206 صفحة.
Size 23 cm
650 #4 - SUBJECT ADDED ENTRY--TOPICAL TERM
Topical term or geographic name as entry element Arabic language
Form subdivision grammar
9 (RLIN) 732
942 ## - ADDED ENTRY ELEMENTS (KOHA)
Source of classification or shelving scheme Dewey Decimal Classification
Koha item type Books
Holdings
Lost status Source of classification or shelving scheme Damaged status Not for loan Collection code Permanent Location Current Location Shelving location Date acquired Total Checkouts Full call number Date last seen Copy number Koha item type
  Dewey Decimal Classification   Not For Loan Non-fiction Central Library, University of Rajshahi Central Library, University of Rajshahi Reading Room 30/06/2022   A 492.75 NAD 1962 30/06/2022 C-1 Books